| 000 | 00623nmm a2200241 a 4500 | ||
|---|---|---|---|
| 003 | AR-BaBNM | ||
| 005 | 20251128210810.0 | ||
| 008 | 151020s1997 ||||||||||||||000 | spa|| | ||
| 020 | _a956-13-1471-1 | ||
| 040 | _cAR-BaBNM | ||
| 100 | 1 |
_aTizón, Héctor _d1929- |
|
| 245 | 1 | 0 | _aEl hombre que llegó a un pueblo |
| 260 |
_aSantiago de Chile _bEditorial Andrés Bello _c1997 |
||
| 300 | 0 | _a120 p. | |
| 650 | 4 | _aLITERATURA ARGENTINA | |
| 650 | 4 | _aLITERATURA CONTEMPORANEA | |
| 653 | 0 | _aNARRATIVA | |
| 653 | 0 | _aCOSTUMBRISMO | |
| 653 | 0 | _aREALISMO MAGICO | |
| 655 | _aLITERATURA | ||
| 942 | _cBK | ||
| 998 | _cMARTIN | ||
| 999 |
_c16959 _d16959 |
||